02284 2200205 4500001001900000005001500019035001800034007000300052008003900055082000700094084001300101100001600114245014600130250001000276260004600286520170400332600001202036990001502048990001502063INLIS000000000996420260511091250 a0010-03260207ta260511 | | |  a53 a53 SUP s0 aSUPRIH HADI1 aSistem Pendukung Keputusan untuk Menentukan Peringkat Siswa di Smk Al Fajar Parenggean Menggunakan Metode Topsis / SUPRIH HADI /cSUPRIH HADI aCet 1 aPalangka Raya :bPerpustakaan UMPR,c2026 aAbstrak Penentuan peringkat siswa merupakan salah satu proses penting dalam dunia pendidikan yang bertujuan untuk mengukur prestasi siswa secara komprehensif. Namun, pada praktiknya proses penilaian di sekolah masih sering dilakukan secara manual dan cenderung hanya berfokus pada aspek akademik, sehingga kurang mencerminkan kemampuan siswa secara menyeluruh. Penelitian ini bertujuan untuk merancang dan membangun Sistem Pendukung Keputusan (SPK) dalam menentukan peringkat siswa di SMK Al Fajar Parenggean dengan mengintegrasikan nilai akademik dan non-akademik menggunakan metode Technique for Order Preference by Similarity to Ideal Solution (TOPSIS). Metode TOPSIS digunakan karena mampu melakukan perankingan berdasarkan kedekatan terhadap solusi ideal positif dan menjauhi solusi ideal negatif dengan mempertimbangkan berbagai kriteria dan bobot. Sistem yang dikembangkan berbasis web menggunakan bahasa pemrograman PHP dan database MySQL, serta dirancang untuk memudahkan admin dan wali kelas dalam mengelola data siswa, kriteria, dan nilai. Hasil penelitian menunjukkan bahwa sistem yang dibangun mampu menghasilkan peringkat siswa secara objektif, akurat, dan efisien. Pengujian sistem menggunakan metode Black Box Testing menunjukkan bahwa seluruh fungsi berjalan dengan baik. Selain itu, hasil kuesioner terhadap pengguna memperoleh nilai sebesar 86,6% yang termasuk dalam kategori sangat baik, sehingga sistem dinilai layak dan efektif digunakan dalam membantu proses pengambilan keputusan di sekolah. Dengan demikian, sistem pendukung keputusan berbasis metode TOPSIS ini dapat menjadi solusi dalam meningkatkan kualitas penilaian siswa yang lebih transparan, cepat, dan komprehensif. 4aSKRIPSI a2253026616 a2253026616